000 00912cam a2200241 4500
001 4562088
005 20250521123820.0
008 740319t19731974mnu 001 0 eng
020 _a0829900004
050 0 0 _aHB171.5
_b.F412
082 0 0 _a330
100 1 _aFels, Rendigs,
_d1917-
_eeditor.
245 1 0 _aCasebook of economic problems and policies: practice in thinking
_cEdited by Rendigs Fels [and] Robert G. Uhler.
260 _aSt. Paul,
_bWest Pub. Co.
_c[1973, c1974]
300 _avi, 176 p.
_c23 cm.
500 _aOn spine: Economic problems and policies.
500 _a"This Casebook is the result of several experimental courses supported by the Joint Council on Economic Education."
650 0 _aEconomics
_xProblems, exercises, etc.
650 0 _aEconomic policy
_xCase studies.
700 1 _aUhler, Robert G.,
_eeditor.
710 2 _aJoint Council on Economic Education.
942 _2lcc
_cBK
_n0
999 _c5892
_d5892